10 questions sur l'Angola - Statistiques

Statistiques générales
  • Ce quiz a été pris 12 fois
  • Le résultat moyen est 4 sur 10
Statistiques - réponses
Question Réponse % Correct
Sur quel continent? Afrique
100%
Quelle est la capitale? Luanda
90%
Qui gouverne le royaume de Ndongo lors de cette coalition? Ngola Kilwange
80%
Quelle est la carte?
50%
Quand l'Angola devient-elle indépendante? Le 11 novembre 1975
40%
Quel pays envahit et domine la ville de Luanda de 1641 à 1648? Les Pays-Bas
30%
A quel jour prend fin la guerre civile marquant le "Jour de la paix et de la réconciliation nationale". Le 1er avril 2002
20%
Vers où fuit le gouverneur colonial Francisco de Almeida en 1593? Au Brésil
10%
En quelle année est publiée le Bulletin officiel d'Angola marquant les débuts de la presse en Angola? En 1845
10%
En quelle année arrive la première coalition contre les portugais? En 1590
0%
Aucun quiz correspondant
Distribution des résultats
% des personnes avec chaque résultat
Percentile par nombre de réponses
Votre historique - résultats
Vous n’avez pas pris ce quiz